Statistiques concernant Mots dans les noms des pays n°2

Cliquez ici pour prendre le quiz!

Statistiques générales

  • Ce quiz a été pris 313 fois
  • Le résultat moyen est 9 sur 18

Statistiques - réponses

MotPays% Correct
paraParaguay
89%
vertCap-Vert
86%
voireCôte d'Ivoire
83%
poloPologne
80%
grenadeGrenade
75%
ranceFrance
69%
colColombie
66%
ellesSeychelles
60%
gentArgentine
57%
pourSingapour
42%
durHonduras
38%
marsÎles Marshall
32%
olaAngola
31%
amiNamibie
17%
ailThaïlande
13%
valTuvalu
9%
rienTimor oriental
6%
merCameroun
4%

Distribution des résultats

Percentile par nombre de réponses

% des personnes avec chaque résultat

Votre développement - résultats

Vous n’avez pas pris ce quiz